000 00664nam a22002417a 4500
003 OSt
005 20140310182000.0
008 130727t xxu||||| |||| 00| 0 eng d
020 _a0582402360
050 _aPZ 7
_b.St874 1993
082 _aKF
_bSt6d 1993
100 _aStoker, Bram
_93649
245 _aDracula.Level 4 /
_bBram Stoker ; David Wharry ; retold by David Wharry.
260 _aEngland :
_bPearson Education Limited,
_c1993.
300 _a63 p. ;
_c20 cm.
541 _j1
562 _e1
650 _aDracula
_94976
650 _aHorror
_94977
650 _aCount Dracula
_94978
700 _aStoker, Bram
_93649
942 _2lcc
_cBK-KF
_kKF
999 _c7985
_d7985